| 000 | 01201cam a2200301 i 4500 | ||
|---|---|---|---|
| 001 | 768714001 | ||
| 003 | CO-MdBIC | ||
| 005 | 20231201145559.0 | ||
| 008 | 231201t2001 sp ||||| |||| 00| 0 spa d | ||
| 020 | _a84-8169-421-5 | ||
| 040 |
_bspa. _aCO-MdFUSB _cCO-MdFUSB _dCO-MdFUSBC _erda |
||
| 041 | _aspa | ||
| 082 | 0 | 4 | _aG 231.8 V519j |
| 100 | 1 | _averkindère, Gerard | |
| 245 | 1 | 0 |
_aLa justicia en el Antiguo Testamento / Gérard Verkindère ; traducido por Pedro Barrado _c/ |
| 264 | 1 |
_aNavarra, España : Verbo Divino _bVerbo Divino, _c[2001] |
|
| 264 | 4 | _c©2001 | |
| 300 |
_a61 p. _c; |
||
| 336 |
_atexto _btxt _2rdacontent |
||
| 337 |
_2rdamedia _asin mediación _bn |
||
| 338 |
_2rdacarrier _avolumen _bnc |
||
| 500 | _aTítulo original en francés : La justicie dans l´Ancien Testament | ||
| 501 | _arústico | ||
| 505 | 0 | 0 | _aEl derecho israelita -- Los procedimientos judiciales -- Las instancias judiciales -- Las injustas en Israel -- La Alianza y la ley -- El Señor un pleito con Israel -- El juicio del Señor -- ¿Castigo de Dios? -- El Señor, Dios justo y salvador -- Conclusión: El perdón del Señor |
| 650 | 7 |
_9280 _aDios _xJusticia |
|
| 942 | _cBK | ||
| 945 | _ajohan1477 | ||
| 999 |
_c44861 _d44861 |
||